LEADER 00897cam0-2200325---450- 001 990004263540403321 005 20141118150946.0 010 $a84-7596-395-1 035 $a000426354 035 $aFED01000426354 035 $a(Aleph)000426354FED01 035 $a000426354 100 $a19990604d1993----km-y0itay50------ba 101 0 $acat 102 $aES 105 $a--------001yy 200 1 $a"Somnis" de Guerau de Liost$fEnric Bou 210 $aBarcelona$cEditorial Empuries$d1993 215 $a61 p.$d20 cm 225 1 $a<>naus d'Empuries$iQuaderns de navegació$v13 610 0 $aGuerau de Liost 676 $a849.9152 700 1$aBou,$bEnric$0165192 801 0$aIT$bUNINA$gRICA$2UNIMARC 901 $aBK 912 $a990004263540403321 952 $a849.9152 BOU 1$bBibl.39826$fFLFBC 959 $aFLFBC 996 $a"Somnis" de Guerau de Liost$9490897 997 $aUNINA LEADER 00887nam0-2200301 --450 001 9910994789303321 005 20250430135537.0 100 $a20240806d1921----kmuy0itay5050 ba 101 0 $afre 102 $aFR 105 $aa 001yy 200 1 $aAgriculture generale$fPaul Diffloth 205 $a5. ed. 210 $aParis$cJ.-B. Bailliere et Fils$d1921- 215 $av.$cill.$d19 cm 225 1 $aEnciclopedie agricole 327 $a1.: Le sol et l'amélioration des terres$a3.: Les semailles et l'entretien des cultures 610 0 $aAgricoltura 676 $a338.1$v23$zita 700 1$aDiffloth,$bPaul$071919 801 0$aIT$bUNINA$gREICAT$2UNIMARC 901 $aBK 912 $a9910994789303321 952 $aA MUSA 220-1$b03/2946/25$fFAGBC 952 $aA MUSA 220-3$b03/3013/25$fFAGBC 959 $aFAGBC 996 $aAgriculture generale$9373187 997 $aUNINA